| 000 | 02524nam0a22005173i 4500 | ||
|---|---|---|---|
| 001 | IT\ICCU\TO0\1711011 | ||
| 003 | IT-MiSPE | ||
| 005 | 20250318114658.0 | ||
| 008 | 250318b |||||||| |||| 00| 0 eng d | ||
| 010 | _a978-88-315-3514-4 | ||
| 020 |
_a9788831535144 _c8,50 € |
||
| 040 |
_aIT-MiSPE _bita _cIT-MiSPE _dIT-MiSPE |
||
| 041 | _aita | ||
| 082 | _a227.6-Fil* CAN an (ppv 23385) | ||
| 100 |
_aAnna Maria, Canopi _cmonaca _d1931-2019 _eautore _961855 |
||
| 245 |
_aSiate lieti nel Signore : _bLectio divina sulla Lettera ai Filippesi / _cAnna Maria Canopi. |
||
| 260 |
_aMilano : _bPaoline, _c2008 |
||
| 300 |
_a93 p. ; _c18,5 cm |
||
| 490 |
_aColtivare la Parola _v013 |
||
| 520 | _aIl testo propone una lectio divina sulla Lettera ai Filippesi, la prima comunità cristiana fondata da Paolo nel continente europeo e formata da pagani convertiti al cristianesimo. Il legame di vicendevole amore che unisce i Filippesi a Paolo emerge molto bene dalla Lettera che l'Apostolo scrive loro mentre è prigioniero a Efeso o forse a Roma. Egli parla dalla pienezza del cuore, intrecciando liberamente confidenze personali con esortazioni spirituali e profondi insegnamenti. Paradossalmente, la nota dominante di questa «lettera della prigionia» è proprio la gioia spirituale. Significativo infatti è che nel testo relativamente breve della Lettera (solo quattro capitoli) ricorrano ben sedici espressioni esplicite riguardanti la gioia, tutte ancorate all'essenza stessa della vita cristiana, ossia alla fede, alla speranza e alla carità, come pure alla sofferenza abbracciata per amore di Cristo e della Chiesa. I sei agili capitoli in cui si articola la lectio percorrono il tema della gioia nei suoi diversi aspetti: non ci viene proposta una gioia «spensierata», un godimento sensibile, mondano, ma la gioia pura, sovrannaturale, che sgorga dall'amore di Cristo e trasfigura tutti gli eventi dell'esistenza. | ||
| 600 |
_aPaolo _capostolo, santo _958502 |
||
| 630 |
_aBibbia _vN.T. _xLettera ai Filippesi _961856 |
||
| 655 |
_aBibbia _vN.T. _xPaolo: spiritualità e meditazione _961857 |
||
| 899 | _fP/G | ||
| 899 | _fP | ||
| 899 | _fP/G | ||
| 899 | _fP/G | ||
| 899 | _fP | ||
| 899 | _fP/G | ||
| 899 | _fP/G | ||
| 899 | _fP/G | ||
| 899 | _fP/G | ||
| 899 | _fP | ||
| 899 | _fP/G | ||
| 899 | _fP/G | ||
| 899 | _fP/G | ||
| 899 | _fP/G | ||
| 899 | _fP | ||
| 899 | _fP/G | ||
| 899 | _fP/G | ||
| 899 | _fP | ||
| 899 | _fP | ||
| 899 | _fP/G | ||
| 899 | _fP/G | ||
| 942 |
_2ddc _cBK |
||
| 999 |
_c360443 _d360443 |
||